[Event "EU-ch Schools U11"]
[Site "Tornelo INT"]
[Date "2021.12.05"]
[Round "7"]
[White "Karataev, Roman M"]
[Black "Durovka, Marek"]
[Result "1-0"]
[WhiteElo "1109"]
[BlackElo "1659"]
[PlyCount "83"]
[EventDate "2021.12.03"]
[EventType "swiss (rapid)"]
[EventRounds "7"]
[EventCountry "NET"]
[SourceTitle "EXT 2023"]
[Source "ChessBase"]
[SourceDate "2022.10.05"]
[SourceVersion "1"]
[SourceVersionDate "2022.10.05"]
[SourceQuality "1"]

1. d4 d5 2. e3 Nf6 3. Bd3 c5 4. c3 Nc6 5. f4 e6 6. Nf3 b6 7. 0-0 Bb7 8. Ne5 Bd6 9. Bd2 0-0 10. Be1 Ne4 11. Nd2 f5 12. Ndf3 Be7 13. Qe2 c4 14. Bc2 b5 15. Nxc6 Bxc6 16. Ne5 Qb6 17. Rf3 Bf6 18. Rh3 Bxe5 19. fxe5 g6 20. Bh4 Rf7 21. Bxe4 dxe4 22. Bf6 Bd5 23. Qe1 a5 24. Qh4 b4 25. Qg5 bxc3 26. bxc3 Qb2 27. Rf1 Qxc3 28. Rxh7 Rxh7 29. Qxg6+ Kf8 30. Qxh7 Qxe3+ 31. Kh1 Qa3 32. Qg7+ Ke8 33. h4 c3 34. h5 c2 35. h6 c1Q 36. Rxc1 Qxc1+ 37. Kh2 Qf4+ 38. g3 Qf2+ 39. Kh3 Qf1+ 40. Kh4 Qh1+ 41. Kg5 Qg2 42. Qe7# 1-0

[Event "EU-ch Schools U11"]
[Site "Tornelo INT"]
[Date "2021.12.03"]
[Round "2"]
[White "Karataev, Roman M"]
[Black "Danila, Tudor Gabriel"]
[Result "0-1"]
[WhiteElo "1109"]
[BlackElo "1514"]
[PlyCount "128"]
[EventDate "2021.12.03"]
[EventType "swiss (rapid)"]
[EventRounds "7"]
[EventCountry "NET"]
[SourceTitle "EXT 2023"]
[Source "ChessBase"]
[SourceDate "2022.10.05"]
[SourceVersion "1"]
[SourceVersionDate "2022.10.05"]
[SourceQuality "1"]

1. d4 Nf6 2. e3 e6 3. f4 d5 4. Nf3 Bd6 5. Bd3 c5 6. c3 Nc6 7. 0-0 0-0 8. Ne5 Ne4 9. Nd2 Nxd2 10. Bxd2 f6 11. Qh5 f5 12. Be1 Qe8 13. Qe2 Nxe5 14. fxe5 Be7 15. Rf3 Bd7 16. Rh3 g5 17. Rg3 g4 18. h3 h5 19. hxg4 hxg4 20. Rxg4+ Kf7 21. Rg3 Rh8 22. e4 dxe4 23. Bxe4 Bh4 24. Rf3 Qe7 25. Bd3 Bc6 26. Be4 Bd7 27. d5 Kg7 28. d6 Qg5 29. Bd3 Bc6 30. Bd2 Bxf3 31. Bxg5 Bxe2 32. Bxh4 Bxd3 33. Bf6+ Kf7 34. Bxh8 Rxh8 35. b3 b5 36. c4 bxc4 37. bxc4 Rh4 38. Rc1 Rxc4 39. Rd1 Rd4 40. Rd2 Be4 41. Rb2 Ke8 42. Kf2 Kd7 43. a3 Rd5 44. Rb7+ Kc6 45. Rxa7 Rxe5 46. d7 Rd5 47. a4 Rxd7 48. Ra6+ Kb7 49. Rxe6 Rd2+ 50. Kf1 Rxg2 51. Re7+ Kb6 52. Re8 Ra2 53. Rb8+ Kc6 54. Rc8+ Kd5 55. Rd8+ Kc4 56. Rc8 Rxa4 57. Kf2 Ra3 58. Rc7 Rd3 59. Rc8 Rd5 60. Kg3 Kd3 61. Kf4 c4 62. Rc7 c3 63. Rc6 c2 64. Rc7 Kd2 0-1